[Event "MCR druzstev mladsich zaku 2015"]
[Site "Hradec Kralove"]
[Date "2015.06.13"]
[Round "7.1"]
[White "Vorisek (Vlasim), Jakub"]
[Black "Mica (BSS F-M \"A\"), Marek"]
[Result "0-1"]
[BlackElo "1663"]
[WhiteElo "1840"]
[LiveChessVersion "1.4.4"]

1. e4 {[%clk 0:25:19]} c5 {[%clk 0:25:17]} 2. Nf3 {[%clk 0:25:05]} Nc6
{[%clk 0:25:17]} 3. d4 {[%clk 0:25:07]} cxd4 {[%clk 0:25:23]} 4. Nxd4
{[%clk 0:25:11]} g6 {[%clk 0:25:26]} 5. Be2 {[%clk 0:25:01]} Bg7 {[%clk 0:25:24]}
6. Nb3 {[%clk 0:25:06]} Nf6 {[%clk 0:25:26]} 7. Nc3 {[%clk 0:25:09]} O-O
{[%clk 0:25:26]} 8. O-O {[%clk 0:24:55]} d6 {[%clk 0:25:26]} 9. Bg5
{[%clk 0:24:05]} Bd7 {[%clk 0:25:12]} 10. Kh1 {[%clk 0:23:40]} h6
{[%clk 0:25:15]} 11. Bh4 {[%clk 0:23:37]} Rc8 {[%clk 0:25:13]} 12. f4
{[%clk 0:22:21]} a6 {[%clk 0:24:52]} 13. Qd2 {[%clk 0:21:17]} b5 {[%clk 0:24:30]}
14. a3 {[%clk 0:20:18]} Be6 {[%clk 0:24:14]} 15. Bf2 {[%clk 0:19:06]} Na5
{[%clk 0:22:49]} 16. Nd4 {[%clk 0:17:38]} Bc4 {[%clk 0:22:22]} 17. Rad1
{[%clk 0:16:10]} Bxe2 {[%clk 0:22:24]} 18. Ndxe2 {[%clk 0:16:17]} Nc4
{[%clk 0:22:20]} 19. Qc1 {[%clk 0:16:20]} Qa5 {[%clk 0:21:31]} 20. Be1
{[%clk 0:15:02]} Qc7 {[%clk 0:20:38]} 21. Bf2 {[%clk 0:14:48]} Qb7
{[%clk 0:20:26]} 22. Ng3 {[%clk 0:14:28]} Nxa3 {[%clk 0:18:46]} 23. bxa3
{[%clk 0:13:02]} Rxc3 {[%clk 0:18:53]} 24. Bd4 {[%clk 0:12:18]} Rc7
{[%clk 0:18:41]} 25. Rde1 {[%clk 0:11:24]} Rfc8 {[%clk 0:18:24]} 26. c3
{[%clk 0:11:30]} Rc4 {[%clk 0:18:02]} 27. Qb2 {[%clk 0:11:27]} Nd7
{[%clk 0:16:11]} 28. Bxg7 {[%clk 0:10:40]} Kxg7 {[%clk 0:16:13]} 29. Re3
{[%clk 0:10:13]} Nc5 {[%clk 0:16:02]} 30. Qc2 {[%clk 0:09:17]} Na4
{[%clk 0:16:08]} 31. Ne2 {[%clk 0:09:26]} Qc6 {[%clk 0:15:35]} 32. Rff3
{[%clk 0:09:07]} Qc5 {[%clk 0:15:11]} 33. Qc1 {[%clk 0:08:28]} a5
{[%clk 0:14:20]} 34. f5 {[%clk 0:07:39]} g5 {[%clk 0:12:40]} 35. Qf1
{[%clk 0:07:30]} f6 {[%clk 0:12:13]} 36. Nd4 {[%clk 0:07:32]} Qe5
{[%clk 0:09:56]} 37. Ne6+ {[%clk 0:05:49]} Kh7 {[%clk 0:09:28]} 38. Rh3
{[%clk 0:05:53]} g4 {[%clk 0:06:13]} 39. Rxh6+ {[%clk 0:04:12]} Kxh6
{[%clk 0:05:39]} 40. Rh3+ {[%clk 0:04:17]} gxh3 {[%clk 0:05:18]} 41. Qc1+
{[%clk 0:04:23]} Kh7 {[%clk 0:05:07]} 42. Qe1 {[%clk 0:04:26]} hxg2+
{[%clk 0:05:05]} 43. Kg1 {[%clk 0:04:20]} Qxe4 {[%clk 0:04:24]} 44. Qg3
{[%clk 0:03:11]} Qg4 0-1

[Event "MCR druzstev mladsich zaku 2015"]
[Site "Hradec Kralove"]
[Date "2015.06.13"]
[Round "7.2"]
[White "Stalmach (BSS F-M \"A\"), Richard"]
[Black "Skypala (Vlasim), Ondrej"]
[Result "1-0"]
[BlackElo "1685"]
[WhiteElo "1659"]
[LiveChessVersion "1.4.4"]

1. d4 {[%clk 0:25:18]} Nf6 {[%clk 0:25:17]} 2. c4 {[%clk 0:25:18]} e6
{[%clk 0:25:26]} 3. Nc3 {[%clk 0:25:21]} Bb4 4. Nf3 {[%clk 0:24:34]} c5
{[%clk 0:25:35]} 5. Bd2 {[%clk 0:24:18]} Nc6 {[%clk 0:25:40]} 6. Nb5
{[%clk 0:24:08]} Bxd2+ {[%clk 0:25:31]} 7. Qxd2 {[%clk 0:24:11]} O-O
{[%clk 0:25:32]} 8. dxc5 {[%clk 0:23:48]} Ne4 {[%clk 0:25:25]} 9. Qe3
{[%clk 0:21:32]} Qa5+ {[%clk 0:24:17]} 10. Nd2 {[%clk 0:20:46]} Qxd2+
{[%clk 0:23:38]} 11. Qxd2 {[%clk 0:20:50]} Nxd2 {[%clk 0:23:46]} 12. Kxd2
{[%clk 0:20:54]} Ne5 {[%clk 0:23:31]} 13. Nd6 {[%clk 0:20:38]} f6
{[%clk 0:23:31]} 14. g3 {[%clk 0:19:46]} Nf7 {[%clk 0:23:03]} 15. Bg2
{[%clk 0:19:40]} Rb8 {[%clk 0:22:52]} 16. b4 {[%clk 0:18:47]} Nxd6
{[%clk 0:22:59]} 17. cxd6 {[%clk 0:18:52]} b5 {[%clk 0:23:07]} 18. c5
{[%clk 0:18:52]} Bb7 {[%clk 0:23:06]} 19. Bxb7 {[%clk 0:18:55]} Rxb7
{[%clk 0:23:14]} 20. f4 {[%clk 0:18:37]} Rc8 {[%clk 0:23:15]} 21. Kc3
{[%clk 0:17:48]} a5 {[%clk 0:23:22]} 22. a3 {[%clk 0:17:41]} a4 {[%clk 0:23:30]}
23. Rac1 {[%clk 0:17:33]} Rc6 {[%clk 0:23:39]} 24. e4 {[%clk 0:17:19]} Rb8
{[%clk 0:23:43]} 25. Rhf1 {[%clk 0:16:52]} Kf7 {[%clk 0:23:50]} 26. Rc2
{[%clk 0:16:02]} Rbc8 {[%clk 0:23:49]} 27. e5 {[%clk 0:15:42]} f5
{[%clk 0:23:58]} 28. h3 {[%clk 0:15:33]} g6 {[%clk 0:23:59]} 29. g4
{[%clk 0:15:36]} Rg8 {[%clk 0:24:01]} 30. Rg2 {[%clk 0:15:29]} Rcc8
{[%clk 0:23:45]} 31. g5 {[%clk 0:14:20]} Rh8 {[%clk 0:23:42]} 32. Kd4
{[%clk 0:14:01]} Ke8 {[%clk 0:22:50]} 33. h4 {[%clk 0:14:02]} Kd8
{[%clk 0:22:34]} 34. h5 {[%clk 0:14:03]} Ke8 {[%clk 0:22:29]} 35. Rh1
{[%clk 0:14:01]} Kf7 {[%clk 0:22:18]} 36. Rgh2 {[%clk 0:13:27]} Rhg8
{[%clk 0:21:29]} 37. hxg6+ {[%clk 0:12:31]} hxg6 {[%clk 0:21:36]} 38. Rh7+
{[%clk 0:12:18]} Rg7 {[%clk 0:21:45]} 39. Rh8 {[%clk 0:12:12]} Rcg8
{[%clk 0:20:54]} 40. R1h7 {[%clk 0:08:48]} Ke8 {[%clk 0:20:38]} 41. Rxg8+
{[%clk 0:08:27]} Rxg8 {[%clk 0:20:46]} 42. c6 {[%clk 0:08:26]} Kd8
{[%clk 0:20:41]} 43. Rxd7+ {[%clk 0:08:28]} Kc8 {[%clk 0:20:50]} 44. Kc5
{[%clk 0:08:05]} Rh8 {[%clk 0:20:55]} 45. Kb6 {[%clk 0:08:07]} Rh4
{[%clk 0:20:40]} 46. Ra7 {[%clk 0:08:06]} Kb8 {[%clk 0:20:48]} 47. c7+
{[%clk 0:08:15]} Kc8 {[%clk 0:20:56]} 48. Ra8+ {[%clk 0:08:23]} 1-0

[Event "MCR druzstev mladsich zaku 2015"]
[Site "Hradec Kralove"]
[Date "2015.06.13"]
[Round "7.3"]
[White "Vojta (Vlasim), Jakub"]
[Black "Gnojek (BSS F-M \"A\"), Petr"]
[Result "1-0"]
[BlackElo "1605"]
[WhiteElo "1748"]
[LiveChessVersion "1.4.4"]

1. e4 {[%clk 0:25:17]} c5 {[%clk 0:25:18]} 2. Nc3 {[%clk 0:25:25]} d6
{[%clk 0:25:26]} 3. f4 {[%clk 0:25:33]} g6 {[%clk 0:25:30]} 4. Nf3
{[%clk 0:25:34]} Bg7 {[%clk 0:25:39]} 5. Bc4 {[%clk 0:25:39]} e6 {[%clk 0:25:46]}
6. d3 {[%clk 0:25:39]} Ne7 {[%clk 0:25:54]} 7. O-O {[%clk 0:25:26]} O-O
{[%clk 0:25:58]} 8. Qe1 {[%clk 0:24:57]} d5 {[%clk 0:25:41]} 9. Bb3
{[%clk 0:24:42]} Nbc6 {[%clk 0:25:34]} 10. Qh4 {[%clk 0:23:46]} f5
{[%clk 0:24:43]} 11. e5 {[%clk 0:23:15]} a6 {[%clk 0:23:10]} 12. a3
{[%clk 0:20:39]} h6 {[%clk 0:23:04]} 13. Ne2 {[%clk 0:20:14]} b5 {[%clk 0:22:25]}
14. d4 {[%clk 0:19:34]} c4 {[%clk 0:20:56]} 15. Ba2 {[%clk 0:19:34]} Bb7
{[%clk 0:20:58]} 16. Bd2 {[%clk 0:19:18]} a5 {[%clk 0:19:58]} 17. c3
{[%clk 0:18:30]} Qb6 {[%clk 0:19:38]} 18. g4 {[%clk 0:17:39]} fxg4
{[%clk 0:17:41]} 19. Qxg4 {[%clk 0:17:42]} Nd8 {[%clk 0:17:44]} 20. Nh4
{[%clk 0:17:29]} Kh7 {[%clk 0:17:07]} 21. Bb1 {[%clk 0:17:28]} Rf5
{[%clk 0:14:52]} 22. Bxf5 {[%clk 0:17:29]} gxf5 {[%clk 0:14:44]} 23. Qh5
{[%clk 0:17:10]} Bc6 {[%clk 0:13:48]} 24. Rf2 {[%clk 0:16:32]} Bd7
{[%clk 0:13:20]} 25. Rg2 {[%clk 0:15:38]} Qc6 {[%clk 0:13:08]} 26. Kh1
{[%clk 0:15:15]} Be8 {[%clk 0:05:45]} 27. Qf3 {[%clk 0:15:21]} Ra7
{[%clk 0:05:29]} 28. Rag1 {[%clk 0:15:10]} Ng8 {[%clk 0:05:16]} 29. Ng6
{[%clk 0:14:52]} Bxg6 {[%clk 0:04:54]} 30. Rxg6 {[%clk 0:14:57]} Qe8
{[%clk 0:04:55]} 31. Qh5 {[%clk 0:14:26]} Qf8 {[%clk 0:04:39]} 32. Be1
{[%clk 0:13:58]} Rf7 {[%clk 0:03:07]} 33. Bh4 {[%clk 0:13:48]} Ne7
{[%clk 0:02:47]} 34. Bxe7 {[%clk 0:13:28]} Rxe7 {[%clk 0:02:28]} 35. Qh4
{[%clk 0:11:58]} Rf7 {[%clk 0:02:16]} 36. R6g2 {[%clk 0:08:26]} Qe7
{[%clk 0:02:03]} 37. Qh3 {[%clk 0:08:09]} Bf8 {[%clk 0:01:40]} 38. Ng3
{[%clk 0:07:55]} Bg7 {[%clk 0:00:33]} 39. Nh5 {[%clk 0:07:38]} Bh8
{[%clk 0:00:39]} 40. Qg3 {[%clk 0:07:29]} Bg7 {[%clk 0:00:00]} 41. Nxg7
{[%clk 0:07:29]} Qf8 {[%clk 0:00:00]} 42. Qg6+ 1-0

[Event "MCR druzstev mladsich zaku 2015"]
[Site "Hradec Kralove"]
[Date "2015.06.13"]
[Round "7.4"]
[White "Krejcok (BSS F-M \"A\"), Tobias"]
[Black "Pisova (Vlasim), Petra"]
[Result "0-1"]
[BlackElo "1470"]
[WhiteElo "1605"]
[LiveChessVersion "1.4.4"]

1. e4 {[%clk 0:25:18]} c5 {[%clk 0:25:15]} 2. Nf3 {[%clk 0:25:23]} d6
{[%clk 0:25:14]} 3. Nc3 {[%clk 0:25:24]} Nf6 {[%clk 0:25:01]} 4. d4
{[%clk 0:25:22]} cxd4 {[%clk 0:24:58]} 5. Nxd4 {[%clk 0:25:22]} g6
{[%clk 0:24:47]} 6. Be3 {[%clk 0:25:18]} Bg7 {[%clk 0:24:33]} 7. Be2
{[%clk 0:25:09]} O-O {[%clk 0:24:00]} 8. O-O {[%clk 0:24:55]} Nc6
{[%clk 0:23:30]} 9. Nb3 {[%clk 0:24:24]} Be6 {[%clk 0:22:51]} 10. Qd2
{[%clk 0:23:51]} a6 {[%clk 0:21:22]} 11. Bh6 {[%clk 0:23:36]} b5 {[%clk 0:20:48]}
12. Bxg7 {[%clk 0:23:11]} Kxg7 {[%clk 0:20:52]} 13. Nd4 {[%clk 0:22:38]} Ne5
{[%clk 0:19:37]} 14. Rad1 {[%clk 0:21:57]} b4 {[%clk 0:18:31]} 15. Nxe6+
{[%clk 0:20:55]} fxe6 {[%clk 0:18:32]} 16. Na4 {[%clk 0:20:31]} Qa5
{[%clk 0:17:51]} 17. b3 {[%clk 0:20:28]} Nxe4 {[%clk 0:17:20]} 18. Qd4
{[%clk 0:20:08]} Nf6 {[%clk 0:17:04]} 19. f4 {[%clk 0:19:34]} Nc6
{[%clk 0:16:27]} 20. Qc4 {[%clk 0:19:27]} Nd8 {[%clk 0:15:10]} 21. Bf3
{[%clk 0:18:41]} d5 {[%clk 0:14:53]} 22. Qd4 {[%clk 0:18:13]} Nc6
{[%clk 0:14:16]} 23. Qe3 {[%clk 0:18:09]} Nd8 {[%clk 0:12:26]} 24. Qe5
{[%clk 0:16:41]} Kg8 {[%clk 0:11:31]} 25. Rfe1 {[%clk 0:15:52]} Rc8
{[%clk 0:09:09]} 26. Rd2 {[%clk 0:15:05]} Rc6 {[%clk 0:07:47]} 27. Qd4
{[%clk 0:13:21]} Nd7 {[%clk 0:06:51]} 28. Rde2 {[%clk 0:12:52]} Nb6
{[%clk 0:05:52]} 29. Nxb6 {[%clk 0:12:06]} Qxb6 {[%clk 0:05:39]} 30. Qxb6
{[%clk 0:12:09]} Rxb6 {[%clk 0:05:48]} 31. g3 {[%clk 0:11:55]} Kf7
{[%clk 0:05:43]} 32. Re5 {[%clk 0:11:18]} Rc6 {[%clk 0:04:52]} 33. R1e2
{[%clk 0:10:42]} Nb7 {[%clk 0:04:56]} 34. Rxd5 {[%clk 0:10:20]} Rc3
{[%clk 0:03:54]} 35. Rd7 {[%clk 0:10:02]} Nd6 {[%clk 0:03:09]} 36. Bg4
{[%clk 0:09:27]} Nf5 {[%clk 0:02:46]} 37. Bxf5 {[%clk 0:09:02]} gxf5
{[%clk 0:02:55]} 38. Rb7 {[%clk 0:08:49]} a5 {[%clk 0:02:29]} 39. Rb5
{[%clk 0:08:20]} Ra8 {[%clk 0:02:22]} 40. Rb6 {[%clk 0:07:59]} Rac8
{[%clk 0:02:19]} 41. Rbxe6 {[%clk 0:07:51]} Rxc2 {[%clk 0:02:28]} 42. Rxe7+
{[%clk 0:07:59]} Kg6 {[%clk 0:02:35]} 43. R2e6+ {[%clk 0:06:59]} Kh5
{[%clk 0:02:43]} 44. h3 {[%clk 0:06:14]} Rc1+ {[%clk 0:02:48]} 45. Kf2
{[%clk 0:06:11]} R1c2+ {[%clk 0:02:55]} 46. Re2 {[%clk 0:06:13]} Rxe2+
{[%clk 0:02:52]} 47. Rxe2 {[%clk 0:06:20]} Rc5 {[%clk 0:02:46]} 48. Kf3
{[%clk 0:06:22]} Rc3+ {[%clk 0:02:39]} 49. Re3 {[%clk 0:06:20]} Rc5
{[%clk 0:02:33]} 50. g4+ {[%clk 0:05:56]} Kg6 {[%clk 0:00:46]} 51. gxf5+
{[%clk 0:05:50]} Kxf5 {[%clk 0:00:49]} 52. h4 {[%clk 0:05:29]} h5
{[%clk 0:00:50]} 53. Rd3 {[%clk 0:05:24]} Rc3 {[%clk 0:00:54]} 54. Ke3
{[%clk 0:05:09]} Rxd3+ {[%clk 0:00:59]} 55. Kxd3 {[%clk 0:05:17]} Kxf4
{[%clk 0:01:09]} 56. Ke2 {[%clk 0:05:23]} Kg3 {[%clk 0:01:13]} 57. Ke3
{[%clk 0:05:26]} Kxh4 {[%clk 0:01:20]} 58. Kf4 {[%clk 0:05:28]} Kh3
{[%clk 0:01:22]} 59. Kf3 {[%clk 0:05:33]} Kh2 {[%clk 0:01:24]} 60. Kf2
{[%clk 0:05:08]} h4 {[%clk 0:01:29]} 61. Kf3 {[%clk 0:05:09]} Kg1
{[%clk 0:01:22]} 62. Kg4 {[%clk 0:04:54]} Kf2 {[%clk 0:01:31]} 63. Kxh4
{[%clk 0:05:01]} Ke2 {[%clk 0:01:40]} 64. Kg3 {[%clk 0:05:00]} Kd2
{[%clk 0:01:49]} 65. Kf2 {[%clk 0:05:10]} Kc2 {[%clk 0:01:58]} 66. Ke2
{[%clk 0:05:19]} Kb2 {[%clk 0:02:02]} 67. Kd2 {[%clk 0:05:03]} Kxa2
{[%clk 0:02:11]} 68. Kc2 {[%clk 0:05:12]} Ka3 {[%clk 0:02:17]} 69. Kc1
{[%clk 0:05:21]} Kxb3 {[%clk 0:02:26]} 70. Kb1 {[%clk 0:05:30]} a4
{[%clk 0:02:34]} 71. Ka1 {[%clk 0:05:39]} Kc3 {[%clk 0:02:43]} 72. Kb1
{[%clk 0:05:48]} b3 {[%clk 0:02:49]} 73. Ka1 {[%clk 0:05:18]} a3 {[%clk 0:02:58]}
74. Kb1 {[%clk 0:05:26]} b2 {[%clk 0:03:03]} 75. Ka2 {[%clk 0:05:34]} Kc2
{[%clk 0:03:11]} 76. Kxa3 {[%clk 0:05:42]} b1=Q {[%clk 0:03:19]} 77. Ka4
{[%clk 0:05:51]} Qb6 {[%clk 0:03:24]} 78. Ka3 {[%clk 0:06:00]} Qb3#
{[%clk 0:03:33]} 0-1

[Event "MCR druzstev mladsich zaku 2015"]
[Site "Hradec Kralove"]
[Date "2015.06.13"]
[Round "7.5"]
[White "Vopalka (Vlasim), Filip"]
[Black "Nytra (BSS F-M \"A\"), Ondrej"]
[Result "0-1"]
[BlackElo "1707"]
[WhiteElo "1156"]
[LiveChessVersion "1.4.4"]

1. e4 {[%clk 0:25:18]} e5 {[%clk 0:25:19]} 2. Nf3 {[%clk 0:25:25]} Nc6
{[%clk 0:25:26]} 3. Nc3 {[%clk 0:25:29]} Nf6 {[%clk 0:25:29]} 4. Bb5
{[%clk 0:25:35]} Bc5 {[%clk 0:25:22]} 5. d3 {[%clk 0:25:26]} d6 {[%clk 0:25:29]}
6. Bg5 {[%clk 0:25:29]} a6 {[%clk 0:25:28]} 7. Bxc6+ {[%clk 0:25:14]} bxc6
{[%clk 0:25:37]} 8. O-O {[%clk 0:25:14]} Rb8 {[%clk 0:25:35]} 9. Rb1
{[%clk 0:25:15]} Bg4 {[%clk 0:25:39]} 10. h3 Bh5 {[%clk 0:25:46]} 11. a3
{[%clk 0:24:00]} h6 {[%clk 0:25:19]} 12. Bh4 {[%clk 0:23:55]} g5 {[%clk 0:25:19]}
13. Bg3 {[%clk 0:23:53]} Rg8 {[%clk 0:25:07]} 14. Qe2 {[%clk 0:22:53]} Nh7
{[%clk 0:24:01]} 15. b4 {[%clk 0:21:42]} Ba7 {[%clk 0:23:47]} 16. Rbc1
{[%clk 0:19:33]} g4 {[%clk 0:23:42]} 17. hxg4 {[%clk 0:19:35]} Bxg4
{[%clk 0:23:51]} 18. Nd1 {[%clk 0:18:56]} Qf6 {[%clk 0:23:29]} 19. Ne3
{[%clk 0:18:37]} Bxf3 {[%clk 0:22:54]} 20. Qxf3 {[%clk 0:18:45]} Qxf3
{[%clk 0:23:02]} 21. gxf3 Bxe3 {[%clk 0:23:09]} 22. fxe3 {[%clk 0:18:50]} Rxg3+
{[%clk 0:23:16]} 23. Kh2 {[%clk 0:18:53]} Rg8 {[%clk 0:23:18]} 24. f4
{[%clk 0:18:44]} exf4 {[%clk 0:23:27]} 25. exf4 {[%clk 0:18:53]} Nf6
{[%clk 0:23:33]} 26. e5 {[%clk 0:18:28]} dxe5 {[%clk 0:23:30]} 27. fxe5
{[%clk 0:18:34]} Ng4+ {[%clk 0:23:36]} 28. Kh3 {[%clk 0:18:28]} Nxe5
{[%clk 0:23:41]} 29. Rce1 {[%clk 0:18:26]} Rg5 {[%clk 0:23:49]} 30. Rg1
{[%clk 0:18:21]} Rh5+ {[%clk 0:23:45]} 31. Kg2 {[%clk 0:18:20]} Kd7
{[%clk 0:23:33]} 32. Rh1 {[%clk 0:18:12]} Rg5+ {[%clk 0:23:26]} 33. Kf2
{[%clk 0:18:08]} h5 {[%clk 0:23:24]} 34. Re4 Rbg8 {[%clk 0:23:03]} 35. Rhe1
{[%clk 0:16:10]} Rg2+ {[%clk 0:22:58]} 36. Ke3 {[%clk 0:15:37]} R8g3+
{[%clk 0:22:55]} 37. Kd4 {[%clk 0:15:41]} Nf3+ {[%clk 0:23:03]} 38. Kc4
{[%clk 0:15:28]} Nxe1 {[%clk 0:22:57]} 39. Rxe1 {[%clk 0:15:36]} Rxc2+
{[%clk 0:23:04]} 40. Kb3 {[%clk 0:15:40]} Rd2 {[%clk 0:23:11]} 41. Ka4
{[%clk 0:15:21]} Rdxd3 {[%clk 0:23:12]} 42. Ra1 {[%clk 0:15:26]} h4
{[%clk 0:23:16]} 43. Rh1 {[%clk 0:15:20]} Rxa3# 0-1

[Event "MCR druzstev mladsich zaku 2015"]
[Site "Hradec Kralove"]
[Date "2015.06.13"]
[Round "7.6"]
[White "Laurincova (BSS F-M \"A\"), Kristyna"]
[Black "Vopalka (Vlasim), Vojtech"]
[Result "1-0"]
[BlackElo "1097"]
[WhiteElo "1657"]
[LiveChessVersion "1.4.4"]

1. e4 {[%clk 0:25:19]} e5 {[%clk 0:25:03]} 2. Nf3 {[%clk 0:25:28]} Nf6
{[%clk 0:25:04]} 3. Nc3 {[%clk 0:25:37]} Nc6 {[%clk 0:25:07]} 4. Bb5
{[%clk 0:25:35]} Bb4 {[%clk 0:25:12]} 5. d3 {[%clk 0:25:34]} d6 {[%clk 0:25:17]}
6. Bg5 {[%clk 0:25:27]} Bg4 {[%clk 0:25:20]} 7. O-O {[%clk 0:25:30]} O-O
{[%clk 0:25:26]} 8. Nd5 {[%clk 0:24:34]} Nd4 {[%clk 0:25:27]} 9. Nxb4
{[%clk 0:24:15]} Nxf3+ {[%clk 0:25:28]} 10. gxf3 {[%clk 0:24:17]} Bh3
{[%clk 0:25:32]} 11. Re1 {[%clk 0:24:23]} Qe7 {[%clk 0:25:37]} 12. Nd5
{[%clk 0:24:30]} Qe6 {[%clk 0:25:36]} 13. Nxf6+ {[%clk 0:24:15]} gxf6
{[%clk 0:25:37]} 14. Bc4 {[%clk 0:23:58]} Qd7 {[%clk 0:25:37]} 15. Bxf6
{[%clk 0:23:43]} c6 {[%clk 0:25:39]} 16. Qd2 {[%clk 0:23:52]} d5 {[%clk 0:25:46]}
17. Qg5# 1-0

[Event "MCR druzstev mladsich zaku 2015"]
[Site "Hradec Kralove"]
[Date "2015.06.13"]
[Round "7.7"]
[White "Svanda (Policka), Ondrej"]
[Black "Koci (Loko Brno), Tomas"]
[Result "1/2-1/2"]
[BlackElo "1340"]
[WhiteElo "1863"]
[LiveChessVersion "1.4.4"]

1. e4 {[%clk 0:25:11]} e6 {[%clk 0:25:12]} 2. d4 {[%clk 0:25:20]} d5
{[%clk 0:25:21]} 3. Nc3 {[%clk 0:25:28]} Bb4 {[%clk 0:25:27]} 4. e5
{[%clk 0:25:36]} c5 {[%clk 0:24:09]} 5. Bd2 {[%clk 0:25:44]} cxd4
{[%clk 0:23:31]} 6. Nb5 {[%clk 0:25:52]} Bxd2+ {[%clk 0:23:11]} 7. Qxd2
{[%clk 0:26:01]} Nc6 {[%clk 0:23:02]} 8. f4 {[%clk 0:26:00]} f6 {[%clk 0:22:46]}
9. Nd6+ {[%clk 0:26:03]} Ke7 {[%clk 0:22:35]} 10. Nf3 {[%clk 0:26:07]} Qa5
{[%clk 0:19:05]} 11. Qxa5 {[%clk 0:25:53]} Nxa5 {[%clk 0:18:50]} 12. Nxd4
{[%clk 0:25:58]} Nc6 {[%clk 0:16:45]} 13. Nxc6+ {[%clk 0:25:51]} bxc6
{[%clk 0:16:51]} 14. O-O-O {[%clk 0:25:43]} Bd7 {[%clk 0:14:50]} 15. Ba6
{[%clk 0:25:09]} Rb8 {[%clk 0:14:29]} 16. Bb7 {[%clk 0:24:53]} Nh6
{[%clk 0:14:15]} 17. Rhe1 {[%clk 0:23:09]} Ng4 {[%clk 0:13:15]} 18. Ba6
{[%clk 0:22:21]} fxe5 {[%clk 0:11:03]} 19. fxe5 {[%clk 0:22:07]} Nxe5
{[%clk 0:10:23]} 20. Nf5+ {[%clk 0:21:57]} exf5 {[%clk 0:10:21]} 21. Rxe5+
{[%clk 0:22:05]} Kf6 {[%clk 0:10:24]} 22. Re3 {[%clk 0:21:33]} Rhe8
{[%clk 0:09:43]} 23. Rf3 {[%clk 0:21:29]} g6 {[%clk 0:09:37]} 24. Rdf1
{[%clk 0:21:02]} Re7 {[%clk 0:09:05]} 25. Bd3 {[%clk 0:20:30]} Rbe8
{[%clk 0:09:02]} 26. Kd2 {[%clk 0:20:01]} c5 {[%clk 0:08:23]} 27. b3
{[%clk 0:20:01]} Re6 {[%clk 0:07:59]} 28. g4 {[%clk 0:19:24]} Re5
{[%clk 0:07:17]} 29. h3 {[%clk 0:18:50]} Rf8 {[%clk 0:04:57]} 30. gxf5
{[%clk 0:17:08]} Bxf5 {[%clk 0:04:07]} 31. Bxf5 {[%clk 0:16:58]} Rxf5
{[%clk 0:03:50]} 32. Rxf5+ {[%clk 0:16:53]} gxf5 {[%clk 0:03:54]} 33. Re1
{[%clk 0:16:57]} Rg8 {[%clk 0:02:58]} 34. Re3 {[%clk 0:15:50]} d4
{[%clk 0:02:39]} 35. Rf3 {[%clk 0:15:42]} Re8 {[%clk 0:02:37]} 36. Kd3
{[%clk 0:13:22]} h6 {[%clk 0:02:04]} 37. a3 {[%clk 0:10:54]} a5 {[%clk 0:02:00]}
38. c3 {[%clk 0:09:50]} Rb8 {[%clk 0:01:42]} 39. Kc4 {[%clk 0:09:26]} dxc3
{[%clk 0:01:37]} 40. Rxc3 {[%clk 0:09:34]} Ke5 {[%clk 0:01:33]} 41. Re3+
{[%clk 0:09:18]} Kd6 {[%clk 0:01:37]} 42. Rd3+ {[%clk 0:09:23]} Kc6
{[%clk 0:01:37]} 43. Rd5 {[%clk 0:09:17]} Rxb3 {[%clk 0:00:56]} 44. Rxc5+
{[%clk 0:09:18]} Kb6 {[%clk 0:01:04]} 45. Rxa5 {[%clk 0:07:49]} Rxh3
{[%clk 0:00:53]} 46. Rb5+ {[%clk 0:07:40]} Ka6 {[%clk 0:01:02]} 47. a4
{[%clk 0:06:59]} Rh4+ {[%clk 0:01:10]} 48. Kb3 {[%clk 0:06:59]} Rh3+
{[%clk 0:01:17]} 49. Kc2 {[%clk 0:06:47]} f4 {[%clk 0:01:26]} 50. Rf5
{[%clk 0:06:33]} f3 {[%clk 0:01:35]} 51. Kd2 {[%clk 0:06:14]} Rh2+
{[%clk 0:01:42]} 52. Ke3 {[%clk 0:06:08]} f2 {[%clk 0:01:49]} 53. Rxf2
{[%clk 0:06:09]} Rxf2 {[%clk 0:01:58]} 54. Kxf2 {[%clk 0:06:18]} Ka5
{[%clk 0:02:06]} 55. Kg3 {[%clk 0:06:26]} Kxa4 {[%clk 0:02:15]} 56. Kh4
{[%clk 0:06:35]} Kb4 {[%clk 0:02:24]} 57. Kh5 {[%clk 0:06:45]} Kb3
{[%clk 0:02:34]} 1/2-1/2

[Event "MCR druzstev mladsich zaku 2015"]
[Site "Hradec Kralove"]
[Date "2015.06.13"]
[Round "7.8"]
[White "Glozar (Loko Brno), Petr"]
[Black "Pavlicek (Policka), Lukas"]
[Result "1-0"]
[BlackElo "1563"]
[WhiteElo "1522"]
[LiveChessVersion "1.4.4"]

1. e4 {[%clk 0:25:13]} e6 {[%clk 0:25:19]} 2. d4 {[%clk 0:25:18]} d5
{[%clk 0:25:19]} 3. Nc3 {[%clk 0:25:18]} Nf6 4. e5 {[%clk 0:25:02]} Nfd7
{[%clk 0:25:11]} 5. Nf3 {[%clk 0:24:28]} c5 {[%clk 0:24:58]} 6. Bb5
{[%clk 0:23:54]} a6 {[%clk 0:23:34]} 7. Bxd7+ {[%clk 0:23:45]} Bxd7
{[%clk 0:23:28]} 8. O-O {[%clk 0:23:30]} Nc6 {[%clk 0:22:43]} 9. Ne2
{[%clk 0:23:19]} cxd4 {[%clk 0:21:46]} 10. Nexd4 {[%clk 0:23:07]} Qc7
{[%clk 0:21:02]} 11. Bf4 {[%clk 0:22:02]} Bc5 {[%clk 0:17:51]} 12. c3
{[%clk 0:21:33]} f6 {[%clk 0:16:03]} 13. Re1 {[%clk 0:19:59]} fxe5
{[%clk 0:13:22]} 14. Nxe5 {[%clk 0:19:16]} Bd6 {[%clk 0:11:55]} 15. Qh5+
{[%clk 0:16:58]} g6 {[%clk 0:10:05]} 16. Nxg6 {[%clk 0:16:19]} Rg8
{[%clk 0:08:44]} 17. Ne5+ {[%clk 0:13:38]} Kd8 {[%clk 0:07:37]} 18. Nf7+
{[%clk 0:13:33]} Kc8 {[%clk 0:07:30]} 19. Nxd6+ {[%clk 0:11:44]} Kb8
{[%clk 0:06:30]} 20. Nxc6+ {[%clk 0:11:39]} bxc6 {[%clk 0:06:15]} 21. Qf7
{[%clk 0:09:58]} Rg4 {[%clk 0:05:11]} 22. h3 {[%clk 0:08:21]} Rh4
{[%clk 0:04:52]} 23. g3 {[%clk 0:08:13]} Rxf4 {[%clk 0:04:40]} 24. Qxf4
{[%clk 0:08:17]} e5 {[%clk 0:03:09]} 25. Qxe5 {[%clk 0:07:56]} Bc8 1-0